000 00542nam a2200205 i 4500
001 C2-0225188
003 PPAK
005 20180728153452.0
008 000601s1948 enka|||| ||||| | eng d
040 _aPPAK
_beng
_cPPAK
_erda
082 0 4 _a808.02
_223
090 0 0 _a808.02
_bALL
_dKIH
245 0 0 _aWriters on writing
264 1 _aLondon :
_bPhoenix House ,
_c1948
300 _a258 pages :
_billustrations ;
_c18 cm
336 _2rdacontent
_atext
337 _2rdamedia
_aunmediated
338 _2rdacarrier
_avolume
942 _ddc
_cB
999 _c145922
_d145922